Mistrzowie ligii holenderskiej od 2010r - Statystyki

Ogólne statystyki
  • Ten quiz został rozwiązany 281 razy
  • Średni wynik to 10 z 10
Statystyki odpowiedzi
sezon mistrz % Poprawnych
2010/2011 Ajax
100%
2011/2012 Ajax
100%
2012/2013 Ajax
100%
2013/2014 Ajax
100%
2018/2019 Ajax
100%
2019/2020 Ajax
100%
2014/2015 PSV
96%
2015/2016 PSV
96%
2017/2018 PSV
96%
2016/2017 Feyenoord
75%
Nie znaleziono quizów pasujących do podanych kryteriów
Rozkład punktacji
Procent ludzi z każdym wynikiem
Percentyl według liczby udzielonych odpowiedzi
Twoja historia wyników
Nie rozwiązałeś tego quizu